000 00596nam a2200193Ia 4500
005 20250508164946.0
008 008 250505s9999 xx 000 0 eng d
037 _aDissertations
040 _aFEDL
_beng
_cFEDL
041 _aeng
_2eng
084 _a371.3, CHA/DI
_qFEDL
100 _aChawla Aditi
_9779587
245 0 _aCritical study of the practicum component (Other than school experience) of the B.EI.Ed. programme
260 _c2010
300 _a105p.
546 _aM.Ed. Dissertation (Delhi University)
942 _cDIS
_h371.3, CHA/DI
999 _c1392279
_d1392279